000 00606nam a2200217 i 4500
001 130294
003 ES-MaACL
005 20230906193711.0
007 t|
008 070725s1959 sp |||| | spa d
100 1 _aZaitzeff, Boris.
_9117859
245 1 3 _aLa guirnalda dorada /
_cBoris Zaitzeff ; [versión española de Renato Lavergne].
250 _a1ª ed.
260 _aBarcelona :
_bLuis de Caralt,
_c1959.
300 _a287 p. ;
_c20 cm.
490 1 _aLa Sirena
700 1 _aLavergne, Renato.
_970708
830 0 _aLa Sirena
_9181698
852 _aES-MaACL
_jC-16207
999 _c130294
_d130294